Statics and dynamics

Պահպանված է:
Մատենագիտական մանրամասներ
Հիմնական հեղինակ: Meriam, J. L
Ձևաչափ: Գիրք
Լեզու:English
Հրապարակվել է: New York, John Wiley & Sons c1969
Խորագրեր:
Ցուցիչներ: Ավելացրեք ցուցիչ
Չկան պիտակներ, Եղեք առաջինը, ով նշում է այս գրառումը!

MARC

LEADER 00000nam a2200000Ia 4500
003 000236
005 20221231143944.0
008 140114s1969 nyua 000 ||eng d
040 |c cru CEDI 
082 |a 620.1 M561s 
100 |c Meriam, J. L  |9 19589 
245 |a Statics and dynamics 
260 |a New York, John Wiley & Sons  |c c1969 
300 |a 447 páginas ; ilustraciones 
650 |x DINAMICA   |x MECANICA APLICADA   |x ESTATICA  |9 19590 
942 |2 ddc  |c BK 
999 |c 14760  |d 14760